Machine drawing / (Record no. 7636)
[ view plain ]
| 000 -LEADER | |
|---|---|
| fixed length control field | 00518cam a2200205ua 4500 |
| 020 ## - INTERNATIONAL STANDARD BOOK NUMBER | |
| ISBN | 0-7069-2110-0 |
| 041 ## - LANGUAGE CODE | |
| Language code of text/sound track or separate title | eng |
| 082 ## - DEWEY DECIMAL CLASSIFICATION NUMBER | |
| Classification number | 621.8152 |
| Item number | AGA/MA |
| 100 ## - MAIN ENTRY--AUTHOR NAME | |
| Personal name | Agarwal, D.D . |
| 245 ## - TITLE STATEMENT | |
| Title | Machine drawing / |
| 250 ## - EDITION STATEMENT | |
| Edition statement | 3 / |
| 260 ## - PUBLICATION, DISTRIBUTION, ETC. (IMPRINT) | |
| Place of publication | New Delhi : |
| Name of publisher | Vikas publishing house pvt ltd , |
| Year of publication | 1982. |
| 300 ## - PHYSICAL DESCRIPTION | |
| Number of Pages | 140 ; . |
| 700 1# - ADDED ENTRY--PERSONAL NAME | |
| Personal name | Bhavsar, V.C . |
| 700 1# - ADDED ENTRY--PERSONAL NAME | |
| Personal name | Mittal, N.K . |
| 942 ## - ADDED ENTRY ELEMENTS (KOHA) | |
| Koha item type | Books |
| Withdrawn status | Lost status | Damaged status | Home library | Current library | Date acquired | Full call number | Accession Number | Koha item type |
|---|---|---|---|---|---|---|---|---|
| KAUAET | KAUAET | 01/09/1986 | 621.8152 | 15545 | Books |
